书目信息 |
| 题名: |
茶余酒后话东汉
|
|
| 作者: | 韦尚田, 著 | |
| 分册: | ||
| 出版信息: | 哈尔滨 哈尔滨出版社 2020.10 |
|
| 页数: | 231页 | |
| 开本: | 21cm | |
| 丛书名: | ||
| 单 册: | ||
| 中图分类: | K234.209 | |
| 科图分类: | ||
| 主题词: | 东汉时代--dong han shi dai--古代史--通俗读物 | |
| 电子资源: | ||
| ISBN: | 978-7-5484-5415-1 | |
| 000 | 00994nam0 2200241 450 | |
| 001 | CAL 0120203080024 | |
| 005 | 20230217093111.0 | |
| 010 | @a978-7-5484-5415-1@dCNY49.80 | |
| 100 | @a20201103d2020 em y0chiy0120 ea | |
| 101 | 0 | @achi |
| 102 | @aCN@b230000 | |
| 105 | @ay z 000yy | |
| 106 | @ar | |
| 200 | 1 | @a茶余酒后话东汉@Acha yu jiu hou hua dong han@f韦尚田著 |
| 210 | @a哈尔滨@c哈尔滨出版社@d2020.10 | |
| 215 | @a231页@d21cm | |
| 314 | @a韦尚田, 曾担任松花江地区作家协会主席。 | |
| 330 | @a本书讲述了刘秀开辟东汉到献帝刘协禅让, 再到大汉王朝灭亡的整个经过, 深刻地揭示了“倡廉肃贪”对于强国富民的重要性。作者运用轻松风趣的语言, 揭示了东汉王朝的兴衰历史, 令人深思和反省, 借鉴历史, 珍惜当下, 展望未来, 且行且思索, 必定更会增强大众“爱我中华”的荣誉感和“建设强国”的使命感。 | |
| 606 | 0 | @a东汉时代@Adong han shi dai@x古代史@j通俗读物 |
| 690 | @aK234.209@v5 | |
| 701 | 0 | @a韦尚田,@Awei shang tian@f1942-@4著 |
| 801 | 0 | @aCN@bBJXHZP@c20230228 |
| 905 | @b1399083-6@dK234.209@e125@f4 | |
| 茶余酒后话东汉/韦尚田著.-哈尔滨:哈尔滨出版社,2020.10 |
| 231页;21cm |
| ISBN 978-7-5484-5415-1:CNY49.80 |
| 本书讲述了刘秀开辟东汉到献帝刘协禅让, 再到大汉王朝灭亡的整个经过, 深刻地揭示了“倡廉肃贪”对于强国富民的重要性。作者运用轻松风趣的语言, 揭示了东汉王朝的兴衰历史, 令人深思和反省, 借鉴历史, 珍惜当下, 展望未来, 且行且思索, 必定更会增强大众“爱我中华”的荣誉感和“建设强国”的使命感。 |
| ● |
| 相关链接 |
|
|
|
|
正题名:茶余酒后话东汉
索取号:K234.209/125
 
预约/预借
| 序号 | 登录号 | 条形码 | 馆藏地/架位号 | 状态 | 备注 |
| 1 | 1399083 | 213990831 | 第二样本阅览室/ [索取号:K234.209/125] | 在馆 | |
| 2 | 1399084 | 213990840 | 第二借阅区/ [索取号:K234.209/125] | 在馆 | |
| 3 | 1399085 | 213990859 | 第二借阅区/ [索取号:K234.209/125] | 在馆 | |
| 4 | 1399086 | 213990868 | 第二借阅区/ [索取号:K234.209/125] | 在馆 |